[Event "Charlotte GM-A MLK 2022"]
[Site "Charlotte"]
[Date "2022.01.16"]
[Round "5.1"]
[White "Hilby, Craig"]
[Black "Stearman, Josiah"]
[Result "1/2-1/2"]
[WhiteElo "2434"]
[BlackElo "2406"]
[Annotator "TA"]
[PlyCount "106"]
[EventDate "2022.01.13"]
[EventType "tourn"]
[EventCountry "USA"]
[SourceTitle "playchess.com"]
[Source "ChessBase"]
[SourceQuality "1"]

{[%evp 13,106,12,12,0,-4,0,-14,-32,-4,-58,-18,-20,0,0,16,0,12,14,34,46,46,37,137,135,135,158,127,41,83,79,77,39,36,35,37,52,46,12,12,16,12,0,0,0,0,0,0,0,0,-70,-66,-63,-72,-66,-66,-66,-73,-70,-66,-74,-73,-12833,-12834,-12834,-12835,-12835,-12835,-12836,-12836,-12834,-12832,-12840,-12840,-12841,-12840,-12843,-12840,-12840,-12840,-12840,0,0,0,0,0,0,0,0,-28000,-28000,-28000,-28000,-28000,-28000,-28000]} 1. d4 d5 2. c4 c6 3. Nf3 Nf6 4. Nc3 e6 5. Qd3 dxc4 6. Qxc4 b5 7. Qd3 a6 8. Bg5 {D43: Semi-Slav: 5 Bg5 h6.} c5 {[%cal Bc6c5,Bc5c4][%mdl 32]} 9. Bxf6 gxf6 10. e4 {The position is equal.} Bb7 11. Rd1 (11. d5 $11) 11... Nd7 12. d5 c4 13. Qc2 Qb6 14. Be2 $1 {[#]} Bc5 $146 ({Predecessor:} 14... Bg7 15. O-O Nc5 16. b4 cxb3 17. axb3 Rc8 18. Qa2 f5 19. dxe6 Bxc3 20. exf7+ Kf8 21. exf5 {0-1 (38) Zhukova,N (2476)-Yilmaz,M (2531) Nakhchivan 2013}) 15. O-O Rg8 16. b3 cxb3 17. Qxb3 Rc8 ({Black should try} 17... Be7 $14) 18. a4 $1 $16 {[%cal Ba2a4,Ba4a5][%mdl 32]} b4 19. a5 $1 Qd6 {[%cal Oc5f2]} 20. Bc4 (20. Kh1 $16) 20... Qf4 (20... bxc3 $2 21. dxe6 fxe6 22. Rxd6 Bxd6 23. Qxb7 $18) (20... Ne5 $14 21. Nxe5 Qxe5 22. dxe6 Rg5 23. exf7+ Kf8) 21. Ne2 (21. dxe6 Rxg2+ 22. Kxg2 (22. Kh1 $2 Ne5 $19) 22... Qg4+ 23. Kh1 Qxf3+ 24. Kg1 Ne5 25. exf7+ Kf8 $17) 21... Qxe4 {[#] Strongly threatening ...Ne5.} (21... Qg4 $2 22. Ng3 e5 23. Ne1 $16) 22. dxe6 $1 Rxg2+ $1 23. Kxg2 {Chess con chili.} Qxf3+ 24. Qxf3 Bxf3+ {A strong pair of Bishops.} 25. Kg3 (25. Kxf3 $5 {[%cal Re6d7]} Ne5+ 26. Kg2 Nxc4 27. exf7+ Kxf7 28. Rd7+ Ke6 29. Rxh7 $14) 25... Ne5 (25... fxe6 $2 26. Bxe6 $1 (26. Bxa6 Ra8 $14) 26... Bc6 27. Rfe1 $18) 26. Bxa6 Ra8 27. exf7+ ({Reject} 27. Bb5+ Ke7 28. Rd7+ Nxd7 29. exd7 Rxa5 $1 $17) 27... Kxf7 {( -> ...Rg8+)} 28. Bc4+ $1 Nxc4 29. Kxf3 Rxa5 30. Kg2 b3 $1 {[%cal Bb4b3,Bb3b2][%mdl 32]} 31. Nd4 ({Better is} 31. Rd7+ $11 Ke6 32. Rxh7) 31... b2 $15 {[%mdl 1024] Threatens to win with ...Bxd4. Black has compensation.} 32. Nb3 {[#]} Ra2 {[%cal Oc4e3] ...Ne3+! is the strong threat.} 33. Kg1 ({Don't blunder} 33. Nxc5 $2 Ne3+ $1 {[%mdl 512]} 34. Kf3 Nxf1 35. Rxf1 Ra1 $19) 33... Bd6 34. Rd4 Ra4 35. Nd2 {[#]} Nxd2 36. Rxd2 {[%mdl 4096] Endgame KRR-KRB} Be5 37. Rb1 {[%mdl 8192]} (37. Kg2 $17) 37... Ra1 $19 38. Rdd1 Ke6 39. Kf1 Rxb1 40. Rxb1 {[#] KR-KB} Kd5 $1 41. Ke2 Kc4 42. Kd2 Kb3 43. h3 Bf4+ 44. Kd3 f5 45. h4 h5 46. Kd4 Kc2 $2 (46... Bc1 $19 47. Ke5 f4) 47. Rxb2+ $1 $11 Kxb2 {KB-KPP} 48. Kd5 $1 Bd2 {aiming for ...f4.} 49. f4 $1 Be1 50. Ke5 Bxh4 51. Kxf5 {Mate.} Bd8 52. Ke4 Kc2 53. Kf3 Kd2 {[%mdl 32768] Quite a comeback for Black.  Weighted Error Value: White=0.25 (precise) /Black=0.17 (very precise) . An unexpected result.} 1/2-1/2

[Event "Charlotte GM-A MLK 2022"]
[Site "Charlotte"]
[Date "2022.01.16"]
[Round "5.2"]
[White "Vazquez, Guillermo"]
[Black "Talukdar, Rohan"]
[Result "1/2-1/2"]
[WhiteElo "2532"]
[BlackElo "2329"]
[Annotator "TA"]
[PlyCount "80"]
[EventDate "2022.01.13"]
[EventType "tourn"]
[EventCountry "USA"]
[SourceTitle "playchess.com"]
[Source "ChessBase"]
[SourceQuality "1"]

{[%evp 10,80,20,12,21,35,21,16,19,25,32,35,34,28,31,32,21,0,0,0,33,25,36,0,0,0,0,-33,-33,-44,-31,-27,-37,-84,-39,-37,-19,-19,-25,-33,-27,-33,-37,-29,-30,-41,-50,-68,-23,-23,-18,-18,-9,-33,-19,-20,-26,-28,-10,-114,-114,-114,-114,-112,-97,-97,-24,-21,0,0,0,0,0]} 1. d4 Nf6 2. Nf3 g6 3. Nbd2 d5 4. b4 Bg7 5. e3 O-O 6. c4 a5 {D02: 1 d4 d5 2 Nf3 sidelines, including 2...Nf6 3 g3 and 2...Nf6 3 Bf4.} 7. b5 c5 8. dxc5 Nbd7 9. Ba3 Ne4 10. Nxe4 dxe4 11. Nd4 Ne5 {[%cal Oe5d3] [#]} 12. Rc1 $146 ({Predecessor:} 12. Be2 Nd3+ 13. Bxd3 exd3 14. O-O e5 15. Nb3 e4 16. c6 bxc6 17. Bxf8 Qxf8 18. Rc1 {1-0 (36) Salinas Herrera,P (2509)-Tokman,A (2316) Chess.com INT 2021}) 12... Re8 {[%cal Oe5d3]} 13. b6 Bg4 $36 {[%mdl 2048] Black has the initiative.} 14. Qd2 Qd7 15. h3 Be6 16. Nxe6 Qxe6 17. Qd5 Qc6 18. Bb2 {[#]} Red8 $1 19. Qxc6 Nxc6 20. Bxg7 Kxg7 21. a3 (21. Be2 $15 {is more appropriate.}) 21... Rdc8 (21... Rac8 $17) 22. Rd1 $15 Ne5 23. Rd5 Kf6 24. Be2 e6 25. Rd4 Rxc5 26. Kd2 Rac8 {[%cal Re5c4]} 27. Kc3 Rb5 {To avoid Rb1} 28. Rxe4 Rxb6 (28... a4 $15 {is superior.}) 29. Rd1 $11 a4 30. Kc2 Rb3 31. f4 Nc6 32. Rd3 Na5 33. Rxb3 Nxb3 {[%mdl 4096] Endgame KRB-KRN} 34. Re5 (34. Kc3 $11) 34... Nc5 $17 35. g4 h6 36. h4 Ke7 {And now ...f6 would win.} 37. g5 {[#]} hxg5 (37... b6 $1 $17 {...Rh8 is the strong threat.} 38. Bd3 (38. gxh6 $2 f6 $19) 38... Rh8) 38. Rxg5 $11 b5 {The position is equal.} 39. h5 gxh5 40. Rxh5 bxc4 {Weighted Error Value: White=0.11 (very precise) /Black=0.09 (flawless)} 1/2-1/2

[Event "Charlotte GM-A MLK 2022"]
[Site "Charlotte"]
[Date "2022.01.16"]
[Round "5.3"]
[White "Vivekananthan, Anish"]
[Black "Stremavicius, Titas"]
[Result "1/2-1/2"]
[WhiteElo "2319"]
[BlackElo "2506"]
[Annotator "TA"]
[PlyCount "45"]
[EventDate "2022.01.13"]
[EventType "tourn"]
[EventCountry "USA"]
[SourceTitle "playchess.com"]
[Source "ChessBase"]
[SourceQuality "1"]

{[%evp 9,45,14,27,19,43,40,35,30,28,12,23,0,18,0,0,0,0,0,0,4,5,0,19,13,20,14,23,25,21,6,14,0,-10,-11,0,0,0,-4]} 1. d4 {RR} d5 2. c4 e6 3. Nf3 Nf6 4. Nc3 Nbd7 5. Bf4 dxc4 6. e3 {D37: Queen's Gambit Declined: 5 Bf4.} b5 7. Nxb5 Bb4+ 8. Nc3 {White is slightly better.} Nd5 9. Rc1 ({Much worse is} 9. Bxc4 Nxc3 10. bxc3 Bxc3+ 11. Ke2 Bxa1 12. Qxa1 O-O $15) 9... N7b6 $1 10. Be2 Bb7 11. O-O {[#]} Bxc3 $146 ({Predecessor:} 11... Nxf4 12. exf4 Qf6 13. g3 Rd8 14. a3 Be7 15. Na4 h5 16. Nxb6 axb6 17. Rxc4 h4 18. Rxc7 {½-½ (57) Swayams,M (2444)-Ider,B (2464) Sautron 2015 CBM 169 Extra [RR]}) 12. bxc3 Nxf4 13. exf4 Qd5 14. Re1 O-O 15. Qc2 h6 16. Bf1 Qd6 17. Ne5 c5 18. Rcd1 Rad8 19. f5 {The position is equal.} exf5 20. Nxc4 Nxc4 21. Bxc4 Be4 22. Bd3 Bxd3 23. Qxd3 {Weighted Error Value: White=0.07 (flawless) /Black=0.05 (flawless)} 1/2-1/2

[Event "Charlotte GM-A MLK 2022"]
[Site "Charlotte"]
[Date "2022.01.16"]
[Round "5.4"]
[White "Posthuma, Joshua"]
[Black "Gauri, Shankar"]
[Result "1-0"]
[WhiteElo "2359"]
[BlackElo "2325"]
[Annotator "TA"]
[PlyCount "87"]
[EventDate "2022.01.13"]
[EventType "tourn"]
[EventCountry "USA"]
[SourceTitle "playchess.com"]
[Source "ChessBase"]
[SourceQuality "1"]

{[%evp 11,87,24,33,14,14,14,10,14,14,13,12,10,9,14,6,6,14,14,38,0,0,0,6,0,0,0,0,0,0,0,0,0,14,18,42,42,46,45,44,34,41,28,115,108,109,108,110,110,135,0,382,393,29968,29969,29968,29969,29961,29968,29973,529,945,0,29971,29974,12798,29987,29990,741,29991,714,29994,29994,29994,29994,29995,29996,29998,29999]} 1. d4 Nf6 2. c4 e6 3. g3 d5 4. Bg2 dxc4 5. Nf3 Bb4+ 6. Bd2 a5 7. a3 {E04: Open Catalan: 5 Nf3.} Bxd2+ 8. Nbxd2 b5 $1 9. b3 {The position is equal.} cxb3 10. Qxb3 c6 11. O-O {[%mdl 1024] White has compensation.} O-O 12. Rfc1 Bb7 13. Qb2 Qe7 14. Ne5 {[#]} a4 $146 ({Predecessor:} 14... Nd5 15. Nb3 f6 16. Nd3 Nb6 17. Nbc5 Bc8 18. e3 Re8 19. Qe2 Ra7 20. Be4 Qf7 {1-0 (52) Boensch,U (2523)-Landa,K (2613) Germany 2009}) 15. Ndf3 Nd5 16. Nd3 Nd7 17. Nc5 Nxc5 18. Rxc5 f6 19. Ne1 Rad8 20. Nd3 Rfe8 21. Rac1 Qd6 22. e3 Ne7 {[%cal Oe6e5]} 23. Nb4 {[%cal Rb4c6]} Rc8 24. h4 Kf7 25. Qe2 Kg8 26. Be4 Nd5 (26... Red8 $11 {remains equal.}) 27. Qh5 $16 {White is more active.} f5 28. Bxd5 exd5 29. Qxf5 Rxe3 {[#] Hoping for ...Rf8.} 30. Nxd5 Rxa3 $2 {[%mdl 8192]} (30... Ree8 $11 {and Black stays safe.}) 31. Re1 $18 {White wants to mate with Ne7+. The board is on fire.} Rf8 $2 (31... g6 $18 32. Ne7+ Qxe7 33. Qxc8+ Bxc8 34. Rxe7 Ra1+ 35. Kh2 Bg4 36. Rxc6 Ra2) 32. Ne7+ Qxe7 33. Rxe7 Rxf5 34. Rxf5 {[%cal Re7e8] KRR-KRB} g6 35. Re8+ (35. Rff7 $142 Bc8 36. Rg7+ Kh8 37. Rxh7+ Kg8 38. Reg7+ Kf8 39. Ra7 Kg8 40. Rag7+ Kf8 41. Ra7) 35... Kg7 36. Re7+ (36. Rf4 $18 g5 37. hxg5 Ra1+ 38. Kh2) 36... Kg8 37. Rff7 Bc8 38. Rg7+ Kf8 39. Ref7+ Ke8 40. Ra7 (40. Kg2 $142 Be6 41. Ra7 (41. Re7+ Kf8 $16) 41... Bd5+ 42. Kh2 c5 43. Rge7+ Kf8 44. Rec7 Bf7 45. Rxf7+ Kg8 46. Rg7+ Kf8 47. Rgb7 Re3 48. fxe3 cxd4 49. Rb8#) 40... Ra1+ 41. Kg2 {[%cal Rg7g8] White mates.} Kf8 42. Rxh7 {[%cal Rh7h8]} Kg8 43. Rhc7 {[%csl LRc6,LRc8][%cal Rc7c8]} Be6 44. Ra8+ {Weighted Error Value: White=0.49/Black=0.50} 1-0

[Event "Charlotte GM-A MLK 2022"]
[Site "Charlotte"]
[Date "2022.01.16"]
[Round "5.5"]
[White "Mishra, Abhimanyu"]
[Black "Zhou, Jianchao"]
[Result "1/2-1/2"]
[WhiteElo "2510"]
[BlackElo "2617"]
[Annotator "TA"]
[PlyCount "97"]
[EventDate "2022.01.13"]
[EventType "tourn"]
[EventCountry "USA"]
[SourceTitle "playchess.com"]
[Source "ChessBase"]
[SourceQuality "1"]

{[%evp 9,97,0,15,14,11,18,10,10,28,28,27,24,22,31,29,27,25,26,26,16,19,19,24,28,30,25,19,2,22,8,6,0,0,0,0,0,0,0,6,3,4,0,0,0,0,0,0,0,0,0,0,0,0,0,0,-7,-10,-21,-13,-25,-32,-34,-24,-22,-20,-20,-23,-27,-2,-7,-7,-7,-7,-52,-48,-56,-17,-18,-5,-5,-3,-7,-7,-7,0,0,0,0,0,0]} 1. e4 c5 2. Nf3 d6 3. Bb5+ Nd7 4. a4 Ngf6 5. Nc3 e6 6. O-O {B51: Sicilian: Moscow Variation (3 Bb5+) without 3...Bd7.} Be7 7. d4 cxd4 8. Qxd4 a6 9. Be2 Qc7 10. Rd1 {[#]} Ne5 $146 ({Predecessor:} 10... O-O 11. a5 Rd8 12. Be3 Ng4 13. Bg5 Ngf6 14. Qc4 Qxc4 15. Bxc4 b5 16. axb6 Nxb6 {0-1 (62) Deac,B (2627)-Aronian,L (2781) Bucharest 2021}) 11. Nxe5 dxe5 12. Qc4 Qxc4 13. Bxc4 Bd7 14. Be3 Rc8 15. Bd3 Bc5 16. Bxc5 Rxc5 17. f3 Ke7 18. Ne2 Ne8 19. b3 a5 20. Ng3 Nd6 21. Nf1 f5 22. Nd2 Bc6 23. Re1 {[%cal Bd1e1,Be1f1,Bf1f3][%mdl 32]} fxe4 24. Nxe4 Bxe4 25. fxe4 Rf8 26. Rf1 Rf6 27. Rae1 Rc8 28. Re3 Rcf8 29. g3 Rc8 30. Rff3 Rcf8 31. Kg2 b6 32. h4 Nb7 33. c3 Nd6 34. Kf2 Rxf3+ 35. Rxf3 $11 {[%mdl 4096] Endgame KRB-KRN} Rc8 36. Bc2 b5 37. Ke2 bxa4 38. bxa4 Nb7 39. Kd2 Nc5 40. Rf1 Rb8 41. Kc1 (41. Rd1 $11) 41... Rd8 $1 $15 42. Rf3 Rg8 43. Rf1 {The position is equal.} h6 44. Kd2 g5 45. hxg5 Rxg5 46. Rh1 Rxg3 47. Rxh6 Rg2+ 48. Kc1 Rg3 49. Kd2 {Weighted Error Value: White=0.03 (flawless) /Black=0.03 (flawless)} 1/2-1/2

[Event "Charlotte GM-A MLK 2022"]
[Site "Charlotte"]
[Date "2022.01.16"]
[Round "6.1"]
[White "Stearman, Josiah"]
[Black "Zhou, Jianchao"]
[Result "1-0"]
[WhiteElo "2406"]
[BlackElo "2617"]
[Annotator "TA"]
[PlyCount "83"]
[EventDate "2022.01.13"]
[EventType "tourn"]
[EventCountry "USA"]
[SourceTitle "playchess.com"]
[Source "ChessBase"]
[SourceQuality "1"]

{[%evp 23,83,29,26,16,16,28,25,11,16,8,17,13,13,13,13,2,6,0,7,6,8,0,10,8,15,12,30,29,99,86,202,200,225,231,210,218,204,155,189,147,204,164,160,126,153,1,8,8,8,8,8,8,2092,2014,1729,1941,1696,1728,1636,1563,29976,6191]} 1. e4 c5 2. Nf3 d6 3. d4 cxd4 4. Nxd4 Nf6 5. Nc3 a6 6. Be3 e5 7. Nb3 Be6 8. f3 Be7 9. Qd2 O-O 10. O-O-O Nbd7 11. g4 {[%cal Bg2g4,Bg4g5][%mdl 32]} b5 12. g5 Nh5 13. Kb1 {B90: Sicilian Najdorf: Unusual White 6th moves, 6 Be3 Ng4 and 6 Be3 e5.} Nb6 14. Na5 {Black must now prevent Nc6.} Qc7 {[%cal Oh5f4] To avoid Nc6} 15. Nd5 {Prevents Nf4. White has an edge.} Nxd5 16. exd5 Bf5 {[%cal Of5c2]} 17. Nc6 f6 18. h4 Ng3 19. Rh2 Nxf1 20. Rxf1 fxg5 21. hxg5 Bg6 22. b3 Rae8 23. Kb2 Bd8 24. Rhf2 Qd7 25. Ra1 {[#]} Qh3 $146 (25... a5 $11 {remains equal.}) ({Predecessor:} 25... a5 26. Re1 a4 27. f4 exf4 28. Rxf4 h5 29. gxh6 Rxf4 30. Bxf4 Bf6+ 31. c3 Rxe1 32. Qxe1 {½-½ (45) Yloenen,O (2489)-Martynov,A (2376) ICCF email 2014}) 26. a4 $1 $16 {[%cal Ba2a4,Ba4a5][%mdl 32] White is more active.} b4 {[#]} (26... Rxf3 $16 {was called for.} 27. Rxf3 Qxf3) 27. a5 $1 $18 ({And not} 27. Qxb4 Rxf3 28. Rxf3 (28. Qxd6 Rxf2 29. Bxf2 Bxc2 $11) 28... Qxf3 29. Nxd8 Rxd8 $14) 27... Rxf3 28. Rxf3 Qxf3 29. Nxb4 Be4 30. c4 Rf8 31. Nc6 ({Weaker is} 31. Nxa6 Qg3 32. Nc5 dxc5 $15) (31. Bb6 $18) 31... Qg3 (31... Re8 $16) 32. Re1 Bg6 {[%cal Od8g5]} 33. Re2 Qg4 34. Rf2 $2 ({Better is} 34. Ka3 $16) 34... Rxf2 $11 35. Qxf2 Bxg5 36. Bxg5 Qxg5 37. c5 {[%cal Bc4c5,Bc5d6][%mdl 32]} e4 $2 {[%mdl 8192] Black cannot hold the game after this.} (37... h5 $11) 38. cxd6 $18 e3 39. Qf3 {Threatening mate with Ne7+.} Bf5 40. Ne7+ Kf7 41. Nxf5 e2 {[#]} 42. Nd4+ {Weighted Error Value: White=0.19 (very precise) /Black=0.50} (42. Qxe2 $142 $1 Qxf5 43. Qe7+ Kg6 44. d7 Qf4 45. d8=Q Qd4+ 46. Ka2 Qd2+ 47. Ka3 Qc1+ 48. Kb4 Qd2+ 49. Kc5 Qc3+ 50. Kb6 Qd4+ 51. Kxa6) 1-0

[Event "Charlotte GM-A MLK 2022"]
[Site "Charlotte"]
[Date "2022.01.16"]
[Round "6.2"]
[White "Gauri, Shankar"]
[Black "Mishra, Abhimanyu"]
[Result "1/2-1/2"]
[WhiteElo "2325"]
[BlackElo "2510"]
[Annotator "TA"]
[PlyCount "45"]
[EventDate "2022.01.13"]
[EventType "tourn"]
[EventCountry "USA"]
[SourceTitle "playchess.com"]
[Source "ChessBase"]
[SourceQuality "1"]

{[%evp 10,45,27,21,47,10,0,4,7,0,0,0,0,0,9,0,0,-3,21,2,12,0,39,38,38,38,42,42,41,41,41,43,41,42,43,-49,39,36]} 1. Nf3 {Schulz,Andre} d5 2. g3 g6 3. Bg2 Bg7 4. d4 c6 5. O-O Nf6 6. c4 dxc4 {D73: Fianchetto Grünfeld: 5 Nf3 .} 7. a4 Ne4 8. Qc2 Nd6 {The position is equal.} 9. Nbd2 O-O 10. Nxc4 Bf5 11. Qc3 {[#]} c5 $146 ({Predecessor:} 11... Re8 12. Rd1 Na6 13. b3 Be4 14. Ba3 Rc8 15. Rac1 c5 16. Nfe5 Bxg2 17. Kxg2 Qc7 {1-0 (34) Bachmann,A (2601)-Morozevich,A (2695) Barcelona 2015 CBM 170 [Schulz,Andre]}) 12. Nxd6 exd6 13. Bg5 Qb6 14. a5 Qa6 15. Qd2 Nc6 (15... Re8 $5 {[%cal Re8e2]}) 16. Bh6 $1 Nxd4 17. Nxd4 Bxh6 18. Qxh6 cxd4 19. Ra4 Qxe2 20. Rxd4 Qxb2 21. Rh4 {[%csl Gh4][%cal Rh6h7] [#]} Qg7 22. Qxg7+ Kxg7 23. a6 $1 {Weighted Error Value: White=0.04 (flawless) /Black=0.05 (flawless)} 1/2-1/2

[Event "Charlotte GM-A MLK 2022"]
[Site "Charlotte"]
[Date "2022.01.16"]
[Round "6.3"]
[White "Stremavicius, Titas"]
[Black "Posthuma, Joshua"]
[Result "1/2-1/2"]
[WhiteElo "2506"]
[BlackElo "2359"]
[Annotator "TA"]
[PlyCount "127"]
[EventDate "2022.01.13"]
[EventType "tourn"]
[EventCountry "USA"]
[SourceTitle "playchess.com"]
[Source "ChessBase"]
[SourceQuality "1"]

{[%evp 16,127,40,28,53,21,24,16,39,31,36,30,19,-13,0,-54,-68,-78,-71,-67,-66,-69,-50,-82,-70,-122,-120,-123,-113,-150,-143,-160,-144,-139,-143,-148,-152,-137,-143,-139,-135,-204,-198,-200,-183,-302,-298,-301,-300,-298,-222,-214,-159,-156,-157,-215,-149,-149,-149,-392,-378,-572,-370,-714,-694,-688,-681,-734,-367,-708,-575,-835,-761,-694,-649,-614,-570,-607,-391,-1034,-391,-391,-385,-258,-258,-2445,-694,-694,-694,-694,-694,-694,-694,-694,-694,-604,-391,-366,0,0,0,0,0,0,0,0,0,0,0,0,0,0,0,0]} 1. c4 c5 2. Nf3 g6 3. e4 Nc6 4. d4 cxd4 5. Nxd4 Nf6 6. Nc3 Nxd4 7. Qxd4 d6 8. Bg5 Bg7 9. Qd2 {The main line 9.Qd2 scores better than 9.Be2.} a5 {[#] B36: Sicilian: Maroczy Bind: Gurgenidze System.} 10. Bd3 $146 ({Predecessor:} 10. Rd1 Bd7 11. Be2 O-O 12. e5 Ne8 13. exd6 Nxd6 14. Qxd6 exd6 15. Bxd8 Rfxd8 16. Rxd6 Be6 17. Rb6 {0-1 (28) Steenbergen,P (1957)-Deberdt,J (2054) Belgium 2016}) 10... a4 11. O-O Qa5 12. h3 Be6 13. Rac1 Nd7 {[%cal Bf6d7,Bd7c5,Bc5d3][%mdl 32]} 14. f4 Nc5 15. f5 ({White should try} 15. Kh1 $11) 15... Nxd3 $15 16. Qxd3 Qc5+ 17. Be3 Bxc4 18. Qd2 Qe5 19. Rf2 O-O 20. Bh6 (20. Rd1 $15) 20... Rfc8 $17 21. Bxg7 Kxg7 (21... Qxg7 $6 22. Nxa4 Rxa4 23. b3 $11) 22. a3 f6 23. Qe3 d5 24. Rd1 {[%cal Rc3d5] Inhibits d4.} dxe4 25. Qxe4 Qxe4 26. Nxe4 Rd8 27. Re1 Kf7 28. Rc2 (28. fxg6+ $17 hxg6 29. Ng5+ Kg8 30. Ne4) 28... b5 $19 (28... gxf5 29. Rxc4 b5 30. Rc7 fxe4 31. Rxe4 $17) 29. Nd2 Rac8 30. Rec1 (30. Nxc4 $142 Rxc4 31. Rxc4 bxc4 32. Re4) 30... gxf5 31. Nxc4 bxc4 (31... Rxc4 32. Rxc4 bxc4 33. Rxc4 $17) 32. Rxc4 Rxc4 33. Rxc4 {[%mdl 4096] Endgame KR-KR} Rd2 34. Rxa4 Rxb2 35. Ra7 (35. Rf4 $17 {was worth a try.}) 35... Ra2 36. a4 f4 37. a5 $2 (37. h4 $17 {might work better.}) 37... h5 {[%cal Bh7h5,Bh5h4][%mdl 32] And now ...h4 would win.} 38. a6 (38. h4 {is a better defense.} Ke6 39. a6) 38... Ke6 {Hoping for ...h4.} 39. Kf1 $2 (39. h4 Kd6 40. Ra8) 39... h4 40. Kg1 Kd6 41. Ra8 Ke5 42. Rh8 $2 (42. Re8 e6 43. Rh8) 42... Ke4 43. Rxh4 e5 44. Rh7 Rxa6 45. Rb7 Kd3 46. Rb3+ Kc4 47. Rf3 (47. Rb1 e4 48. Kf2) 47... e4 $2 (47... Ra1+ 48. Kf2 Ra2+ 49. Kg1 Ra1+ 50. Kf2 e4 51. Rxf4 Kd3 52. Rxf6 e3+ 53. Kg3 e2 54. Rd6+ Kc4) 48. Rxf4 {[#]} Kd3 49. Rf1 e3 50. Rd1+ $2 (50. Rb1) 50... Kc2 (50... Ke2 $142 51. Rd5 Ra1+ 52. Kh2 Rd1) 51. Re1 {[#]} Kd2 52. Kf1 Ra5 53. g4 {To avoid Rf5+} Ra4 54. Re2+ Kd3 {...Ke4 is the strong threat.} 55. Re1 Rf4+ 56. Kg2 Kd2 $2 ({Black should play} 56... e2 $19 {( -> ...Kd2)} 57. Rb1 Kc2) 57. Ra1 $1 $11 {The position is equal.} Rc4 (57... e2 $5 58. Ra2+ Kd3 59. Ra3+ Kd4 60. Ra4+ Kc5 61. Ra5+ Kd6 62. Ra6+ Kd7 63. Ra7+ (63. Ra1 f5 $11) 63... Ke6 64. Ra6+ Kf7 65. Ra7+ (65. Ra1 Kg6 $11) 65... Ke6 66. Ra6+ Ke5 67. Ra5+ Kd6 68. Ra6+ Kd7 69. Ra7+ (69. Ra1 f5 $11) 69... Ke6 $11) 58. Kf3 {aiming for Ra2+.} Rc2 {Prevents Ra2.} 59. h4 e2 60. Kf2 {Inhibits e1Q+. Threatens to win with Re1.} Rc4 {[%cal Oc4a4]} 61. Ra2+ Kd3 62. Ra3+ Kd2 63. Ra2+ Kd3 64. Ra3+ {Black had all chances to win.  Weighted Error Value: White=0.61/Black=0.50} 1/2-1/2

[Event "Charlotte GM-A MLK 2022"]
[Site "Charlotte"]
[Date "2022.01.16"]
[Round "6.4"]
[White "Talukdar, Rohan"]
[Black "Vivekananthan, Anish"]
[Result "1/2-1/2"]
[WhiteElo "2329"]
[BlackElo "2319"]
[Annotator "TA"]
[PlyCount "41"]
[EventDate "2022.01.13"]
[EventType "tourn"]
[EventCountry "USA"]
[SourceTitle "playchess.com"]
[Source "ChessBase"]
[SourceQuality "1"]

{[%evp 9,41,13,25,8,11,10,15,17,12,9,11,19,9,0,4,6,8,0,0,0,0,0,0,0,0,0,5,-16,-24,-19,0,-44,-44,-54]} 1. e4 e5 2. Nf3 Nc6 3. Bb5 Nf6 4. d3 Bc5 5. Nbd2 O-O 6. O-O {C65: Ruy Lopez: Berlin Defence (3...Nf6), unusual lines and 4 0-0 Bc5.} Nd4 7. Nxd4 Bxd4 8. c3 {The position is equal.} Bb6 9. Nc4 d5 10. exd5 Qxd5 11. Nxb6 axb6 12. Bc4 Qd6 13. Bg5 Nd5 14. Re1 Be6 $1 15. Qf3 {[#]} f6 $146 ({Predecessor:} 15... c6 16. Qg3 f6 17. Bh6 Qd7 18. a4 Kh8 19. Be3 b5 20. axb5 cxb5 21. Bxd5 Bxd5 22. Rad1 {½-½ (22) Frotscher,T (2388)-Simal Moreira,L (2402) ICCF email 2019}) 16. Bh4 c6 17. Bg3 Qd7 18. h3 b5 19. Bb3 Rfe8 20. a3 (20. Rad1 $11 {was preferrable.}) 20... Nf4 $15 21. Bxe6+ {Weighted Error Value: White=0.07 (flawless) /Black=0.03 (flawless)} 1/2-1/2

[Event "Charlotte GM-A MLK 2022"]
[Site "Charlotte"]
[Date "2022.01.16"]
[Round "6.5"]
[White "Hilby, Craig"]
[Black "Vazquez, Guillermo"]
[Result "1/2-1/2"]
[WhiteElo "2434"]
[BlackElo "2532"]
[Annotator "TA"]
[PlyCount "35"]
[EventDate "2022.01.13"]
[EventType "tourn"]
[EventCountry "USA"]
[SourceTitle "playchess.com"]
[Source "ChessBase"]
[SourceQuality "1"]

{[%evp 9,35,0,0,0,11,0,0,-6,0,0,2,0,0,0,0,0,0,0,0,0,0,-30,0,0,0,0,38,25]} 1. e4 c6 2. d4 d5 3. e5 c5 4. Nf3 cxd4 5. Qxd4 Nc6 {[%cal Bb8c6,Bc6b4,Bb4d3][%mdl 32]} 6. Qf4 {B12: Caro-Kann: Advance Variation.} e6 7. Bd3 Nb4 8. O-O {The position is equal.} Nxd3 9. cxd3 Ne7 10. Nc3 Ng6 11. Qg3 Be7 {Prevents h4.} 12. Ne2 O-O 13. Nf4 Bd7 14. Nxg6 fxg6 {[#]} 15. h4 $146 ({Predecessor:} 15. Be3 a6 16. a3 Rc8 17. Rac1 Qa5 18. Bg5 Bxg5 19. Qxg5 Qb6 20. b4 Bb5 21. Rxc8 Rxc8 {1-0 (60) Asadli,V (2578)-Pantzar,M (2423) Chess.com INT 2021}) 15... Rc8 16. Bg5 Bxg5 17. Qxg5 Qb6 18. Qe3 {Weighted Error Value: White=0.03 (flawless) /Black=0.05 (flawless)} 1/2-1/2